Taylor Swift mystery lyrics #40 - Statistics

General Stats
  • This quiz has been taken 98 times
    91 since last reset
  • The average score is 142 of 217
Answer Stats
Answer % Correct
A
100%
a
100%
I
100%
you
100%
and
97%
And
97%
me
97%
the
95%
love
94%
is
91%
to
91%
your
91%
Your
91%
When
89%
for
88%
in
88%
that
88%
all
86%
All
86%
on
86%
no
85%
of
85%
so
85%
you're
85%
I'm
82%
but
80%
can
77%
I've
77%
are
75%
like
75%
say
75%
one
72%
they
72%
think
72%
it's
71%
It's
71%
not
71%
Now
71%
now
71%
time
71%
why
69%
loved
68%
We're
66%
before
65%
girls
65%
how
63%
just
63%
made
63%
mine
63%
Every
62%
know
62%
up
62%
with
62%
need
60%
nights
57%
knew
55%
Baby
54%
fallen
54%
more
52%
out
52%
good
51%
late
51%
thankful
51%
heart
49%
over
49%
some
49%
way
48%
around
46%
phone
46%
straight
46%
there's
46%
here
45%
led
45%
someone
45%
street
45%
call
43%
fights
43%
alone
42%
into
42%
lady
42%
everything
40%
forever
40%
remember
40%
treat
40%
wanna
40%
amazing
38%
brought
38%
end
38%
hands
38%
lame
38%
taught
38%
dead
37%
goodbye
37%
home
37%
lines
37%
mornin'
37%
mother
37%
name
37%
parallel
37%
town
37%
drawn
35%
feelin'
35%
feels
35%
handwriting
35%
intertwined
35%
kind
35%
loyal
35%
past
35%
someone's
35%
Teenage
35%
whose
35%
woman
35%
bathroom
34%
cannot
34%
dude
34%
teach
34%
without
34%
Cryin'
32%
killin'
32%
sneakin'
32%
aligned
31%
fake
31%
makin'
31%
sixteen
31%
stars
31%
Wake
31%
wild
31%
holdin'
29%
one's
29%
sayin'
29%
Leave
28%
breakin'
26%
Secret
26%
jokes
25%
makeup
25%
No matching quizzes found
Score Distribution
Percent of People with Each Score
Percentile by Number Answered
Your Score History
You have not taken this quiz since the last reset